Journal of travel and tourism research (Online)

Detalles Bibliográficos
Formato: Electrónico Revista
Lenguaje:inglés
Publicado: Kuşadası, Turkey : Adnan Menderes University
Materias:
Acceso en línea:Full text available from Research Library: 04/01/2009 to 04/30/2014

MARC

LEADER 00000nas a2200000 i 4500
001 ssj0001073600
003 WaSeSS
005 20200512172242.0
006 m d
007 cr n
008 131221u20uuuuuutu t| p|s|||||| |0eng d
035 |a (WaSeSS)ssj0001073600 
040 |a WaSeSS  |b eng  |c WaSeSS  |d WaSeSS 
050 1 4 |a G149 
245 0 0 |a Journal of travel and tourism research (Online)  |h [electronic resource]. 
260 |a Kuşadası, Turkey :  |b Adnan Menderes University 
310 |a Three times a year 
506 |a License restrictions may limit access. 
588 |a Description based on: Spring 2009; title from article pdf (ProQuest, viewed Dec. 20, 2013). 
588 |a Latest issue consulted: Fall 2012 (viewed Dec. 20, 2013). 
650 0 |a Tourism  |x Research  |v Periodicals. 
650 0 |a Travel  |x Research  |v Periodicals. 
655 0 |a Electronic journals. 
856 4 0 |z Full text available from Research Library: 04/01/2009 to 04/30/2014  |u https://search.proquest.com/publication/105401